FPGAs for Software Programmers / (Record no. 32307)

MARC details
000 -LEADER
fixed length control field 00445nam a2200181Ia 4500
001 - CONTROL NUMBER
control field 32643
003 - CONTROL NUMBER IDENTIFIER
control field Ost
005 - DATE AND TIME OF LATEST TRANSACTION
control field 20260507160502.0
008 - FIXED-LENGTH DATA ELEMENTS--GENERAL INFORMATION
fixed length control field 251113s9999||||xx |||||||||||||| ||eng||
040 ## - CATALOGING SOURCE
Transcribing agency nitttr
041 ## - LANGUAGE CODE
Language code of text/sound track or separate title eng
082 ## - DEWEY DECIMAL CLASSIFICATION NUMBER
Classification number TK7895.G36
100 ## - MAIN ENTRY--PERSONAL NAME
Personal name Koch, Dirk
245 #0 - TITLE STATEMENT
Title FPGAs for Software Programmers /
Statement of responsibility, etc. Koch, Dirk, Hannig, Frank, Ziener, Daniel
700 ## - ADDED ENTRY--PERSONAL NAME
Personal name Hannig, Frank
700 ## - ADDED ENTRY--PERSONAL NAME
Personal name Ziener, Daniel
942 ## - ADDED ENTRY ELEMENTS (KOHA)
Koha item type Books
Holdings
Withdrawn status Lost status Damaged status Not for loan Home library Current library Date acquired Total checkouts Full call number Barcode Date last seen Price effective from Koha item type
        National Institute of Technical Teachers Training & Research National Institute of Technical Teachers Training & Research 05/07/2026   TK7895.G36 1175159 05/07/2026 05/07/2026 Books